Mitos, certezas y esperanzas : tendencias de las investigaciones sobre juventud en América Latina.
Guardat en:
| Autor principal: | |
|---|---|
| Altres autors: | |
| Format: | Llibre |
| Idioma: | espanyol |
| Matèries: | |
| Etiquetes: |
Sense etiquetes, Sigues el primer a etiquetar aquest registre!
|
MARC
| LEADER | 00000cam^a2200000uu^4500 | ||
|---|---|---|---|
| 001 | 000469297 | ||
| 005 | 20250521000000.0 | ||
| 008 | 050901s1989^^^^^^^^^^^^rd^r^^000^0^spa^d | ||
| 009 | 20260310124532.126 | ||
| 035 | |a FCE 000012052 | ||
| 035 | |a FCE 009130 | ||
| 037 | |a Acervo ITESO - Biblioteca | ||
| 041 | |a spa | ||
| 082 | 0 | 4 | |a 305.23 |b ROMm |
| 100 | |a Rodríguez, Ernesto |e (autor) | ||
| 245 | 1 | 0 | |a Mitos, certezas y esperanzas : |b tendencias de las investigaciones sobre juventud en América Latina. |
| 264 | |a México : |b CELAJUV, |c 1989. | ||
| 300 | |a 217 p. | ||
| 336 | |a texto |b txt |2 rdacontenido | ||
| 337 | |a sin mediación |b n |2 rdamedio | ||
| 338 | |a volumen |b nc |2 rdasoporte | ||
| 649 | |a XX | ||
| 650 | |a Experiencia educativa | ||
| 650 | |a Juventud | ||
| 650 | |a Investigación | ||
| 650 | |a América Latina | ||
| 650 | |a Chile | ||
| 650 | |a Brasil | ||
| 650 | |a Uruguay | ||
| 650 | |a Paraguay | ||
| 700 | |a Ottone, Ernesto |e (autor) | ||
| 910 | |a Fondo Centro de Estudios Educativos | ||
| 920 | |a Impresos - Libros | ||
| 930 | |a Fondos Especiales | ||
| 905 | |a 133 | ||
| 901 | |a ALE009130 |b IT2 |c CEE |u 20250521 | ||
| 902 | |a https://opac.biblio.iteso.mx/vufind/Record/000469297 | ||